NBA 2K Game Covers - Statistics

General Stats
  • This quiz has been taken 1,531 times
  • The average score is 9 of 14
Answer Stats
Year Player % Correct
2010 Kobe Bryant
86%
2004 Allen Iverson
85%
2003 Allen Iverson
85%
2002 Allen Iverson
85%
2001 Allen Iverson
85%
2000 Allen Iverson
85%
2011 Michael Jordan
81%
2007 Shaquille O'Neal
78%
2006 Shaquille O'Neal
78%
2009 Kevin Garnett
58%
2008 Chris Paul
46%
2005 Ben Wallace
43%
2013 Blake Griffin, Kevin Durant, Derick Rose
21%
2012 Michael Jordan, Magic Johnson, Larry Bird
12%
No matching quizzes found
Score Distribution
Percent of People with Each Score
Percentile by Number Answered
Your Score History
You have not taken this quiz